[Event "EU-chT (Men) 11th"]
[Site "Pula"]
[Date "1997.05.??"]
[Round "8.1"]
[White "Guseinov, Aidyn"]
[Black "Daly, Colm"]
[Result "1-0"]
[WhiteElo "2430"]
[BlackElo "2310"]
[PlyCount "109"]
[EventDate "1997.05.05"]
[EventType "team-swiss"]
[EventRounds "9"]
[EventCountry "CRO"]
[SourceTitle "CBM 057 Extra"]
[Source "ChessBase"]
[SourceDate "1997.05.01"]
[SourceVersion "1"]
[SourceVersionDate "1997.05.01"]
[SourceQuality "1"]
[WhiteTeam "Azerbaijan"]
[BlackTeam "Ireland"]
[WhiteTeamCountry "AZE"]
[BlackTeamCountry "IRL"]

1. d4 e6 2. c4 Nf6 3. Nc3 Bb4 4. e3 c5 5. Bd3 Bxc3+ 6. bxc3 Nc6 7. Ne2 d6 8. 0-0 e5 9. e4 0-0 10. f3 h6 11. d5 Na5 12. Ng3 Re8 13. h3 Nd7 14. Qd2 Nb6 15. Qe2 Nd7 16. Qf2 f6 17. Be3 Nf8 18. f4 exf4 19. Bxf4 Ng6 20. Bxh6 gxh6 21. Nh5 Re5 22. Nxf6+ Kh8 23. Qe3 Kg7 24. Rf3 Rg5 25. Raf1 Ne5 26. Rg3 Qxf6 27. Rxf6 Kxf6 28. Be2 Bd7 29. Qf4+ Kg6 30. Qh4 Rxg3 31. Qxg3+ Kh7 32. Qh4 Rg8 33. Qe7+ Rg7 34. Qxd6 Naxc4 35. Bxc4 Nxc4 36. Qxc5 Ne5 37. Kh2 b5 38. Qd4 Re7 39. Qxa7 Kg7 40. Qc7 Re8 41. g4 Re7 42. Qd6 Re8 43. Kg3 Bc8 44. Kf4 Nc4 45. Qc7+ Kg8 46. Qc6 Rf8+ 47. Kg3 Kg7 48. Qxb5 Ne5 49. Qc5 Re8 50. c4 h5 51. Qc7+ Kg8 52. gxh5 Ba6 53. h6 Nf7 54. Qc6 Rxe4 55. Qg6+ 1-0

[Event "EU-chT (Men) 11th"]
[Site "Pula"]
[Date "1997.05.??"]
[Round "1.2"]
[White "Guseinov, Aidyn"]
[Black "Lanka, Zigurds"]
[Result "1-0"]
[WhiteElo "2430"]
[BlackElo "2575"]
[PlyCount "93"]
[EventDate "1997.05.05"]
[EventType "team-swiss"]
[EventRounds "9"]
[EventCountry "CRO"]
[SourceTitle "CBM 057 Extra"]
[Source "ChessBase"]
[SourceDate "1997.05.01"]
[SourceVersion "1"]
[SourceVersionDate "1997.05.01"]
[SourceQuality "1"]
[WhiteTeam "Azerbaijan"]
[BlackTeam "Latvia"]
[WhiteTeamCountry "AZE"]
[BlackTeamCountry "LAT"]

1. d4 Nf6 2. c4 g6 3. Nc3 Bg7 4. e4 d6 5. Be2 0-0 6. Nf3 e5 7. 0-0 Nc6 8. d5 Ne7 9. b4 a5 10. Qb3 axb4 11. Qxb4 c5 12. Qb3 Nd7 13. Bb2 Ra6 14. Nb5 h6 15. Nd2 Kh8 16. Bd3 g5 17. Rfe1 g4 18. Nf1 Ng6 19. g3 Nf6 20. Ne3 Nh7 21. Qd1 h5 22. f3 Ng5 23. fxg4 hxg4 24. Nxg4 Nh3+ 25. Kg2 Ngf4+ 26. gxf4 Nxf4+ 27. Kh1 Nxd3 28. Qxd3 Bxg4 29. Qg3 f5 30. Rg1 Qe7 31. Raf1 Bf6 32. exf5 Rg8 33. Rf4 Bf3+ 34. Rxf3 Rxg3 35. Rfxg3 Qh7 36. Rg6 Qh4 37. Nc3 Qf4 38. Ne2 Qf3+ 39. R1g2 Kh7 40. Rxf6 Rxa2 41. Rf7+ Kh8 42. Ng1 Qe4 43. Rxb7 Ra8 44. Rb3 Ra7 45. f6 Rf7 46. Rh3+ Rh7 47. f7 1-0

[Event "EU-chT (Men) 11th"]
[Site "Pula"]
[Date "1997.05.??"]
[Round "3.2"]
[White "Van Wely, Loek"]
[Black "Guseinov, Aidyn"]
[Result "1-0"]
[WhiteElo "2645"]
[BlackElo "2430"]
[PlyCount "31"]
[EventDate "1997.05.05"]
[EventType "team-swiss"]
[EventRounds "9"]
[EventCountry "CRO"]
[SourceTitle "CBM 057 Extra"]
[Source "ChessBase"]
[SourceDate "1997.05.01"]
[SourceVersion "1"]
[SourceVersionDate "1997.05.01"]
[SourceQuality "1"]
[WhiteTeam "Netherlands"]
[BlackTeam "Azerbaijan"]
[WhiteTeamCountry "NED"]
[BlackTeamCountry "AZE"]

1. d4 Nf6 2. c4 e6 3. Nf3 c5 4. d5 exd5 5. cxd5 d6 6. Nc3 g6 7. e4 a6 8. a4 Bg4 9. Qb3 Bxf3 10. Qxb7 Nxe4 11. gxf3 Nxc3 12. Qxa8 Bg7 13. Ra3 0-0 14. bxc3 Re8+ 15. Kd1 Qf6 16. Be2 1-0

[Event "Baku"]
[Site "Baku"]
[Date "1997.??.??"]
[Round "3"]
[White "Bagirov, Rufat"]
[Black "Guseinov, Aidyn"]
[Result "1/2-1/2"]
[WhiteElo "2320"]
[BlackElo "2430"]
[PlyCount "76"]
[EventDate "1997.??.??"]
[EventType "tourn"]
[EventRounds "11"]
[EventCountry "AZE"]
[EventCategory "7"]
[SourceTitle "EXT 2000"]
[Source "ChessBase"]
[SourceDate "1999.11.16"]
[SourceVersion "1"]
[SourceVersionDate "1999.11.16"]
[SourceQuality "1"]

1. e4 c5 2. Nf3 g6 3. Nc3 Bg7 4. d4 cxd4 5. Nxd4 Nc6 6. Be3 Nf6 7. Nxc6 bxc6 8. e5 Ng8 9. Bd4 f6 10. f4 Qa5 11. Qe2 fxe5 12. Bxe5 Nf6 13. Qc4 Nh5 14. Bxg7 Nxg7 15. 0-0-0 Rb8 16. g3 Rb4 17. Qd3 d5 18. Bg2 0-0 19. a3 Rb8 20. Rhe1 e6 21. h4 c5 22. Bf1 Nf5 23. Nxd5 Kg7 24. Nc3 Qb6 25. Na4 Qa5 26. Qc4 Nxg3 27. Nxc5 Nxf1 28. Rxf1 Qb6 29. Qd4+ Kg8 30. h5 Qc7 31. hxg6 hxg6 32. Nd3 Qb6 33. Qe4 Rf5 34. Rg1 Kg7 35. Rg3 Ba6 36. Nb4 Bb5 37. Rdg1 Be8 38. Re1 Qf2 1/2-1/2

[Event "Baku"]
[Site "Baku"]
[Date "1997.??.??"]
[Round "6"]
[White "Guseinov, Aidyn"]
[Black "Guliev, Sarhan"]
[Result "1-0"]
[WhiteElo "2430"]
[BlackElo "2425"]
[PlyCount "53"]
[EventDate "1997.??.??"]
[EventType "tourn"]
[EventRounds "11"]
[EventCountry "AZE"]
[EventCategory "7"]
[SourceTitle "EXT 2000"]
[Source "ChessBase"]
[SourceDate "1999.11.16"]
[SourceVersion "1"]
[SourceVersionDate "1999.11.16"]
[SourceQuality "1"]

1. d4 d5 2. c4 c6 3. Nf3 Nf6 4. Nc3 dxc4 5. a4 Bf5 6. Nh4 e6 7. Nxf5 exf5 8. e3 Bb4 9. Bxc4 0-0 10. 0-0 Nbd7 11. h3 Qe7 12. Qf3 g6 13. g4 fxg4 14. hxg4 Rae8 15. g5 Bxc3 16. gxf6 Qb4 17. bxc3 Qxc4 18. e4 c5 19. Bh6 cxd4 20. Bxf8 Kxf8 21. cxd4 Qxd4 22. Rfd1 Qb2 23. Rab1 Qxf6 24. Qa3+ Qe7 25. Qxe7+ Rxe7 26. Rxb7 Nc5 27. Rd8+ 1-0

[Event "Baku"]
[Site "Baku"]
[Date "1997.??.??"]
[Round "8"]
[White "Guseinov, Aidyn"]
[Black "Sideifzade, Fikret"]
[Result "1-0"]
[WhiteElo "2430"]
[BlackElo "2435"]
[PlyCount "79"]
[EventDate "1997.??.??"]
[EventType "tourn"]
[EventRounds "11"]
[EventCountry "AZE"]
[EventCategory "7"]
[SourceTitle "EXT 2000"]
[Source "ChessBase"]
[SourceDate "1999.11.16"]
[SourceVersion "1"]
[SourceVersionDate "1999.11.16"]
[SourceQuality "1"]

1. d4 Nf6 2. c4 g6 3. Nc3 d5 4. Nf3 Bg7 5. Qb3 c6 6. cxd5 cxd5 7. Bg5 e6 8. e3 0-0 9. Bd3 Nc6 10. 0-0 h6 11. Bh4 g5 12. Bg3 Nh5 13. Rad1 Nxg3 14. hxg3 f5 15. Bb1 b6 16. Rfe1 Rf7 17. a3 g4 18. Nh4 Na5 19. Qc2 Bb7 20. Ng6 Rc8 21. Nf4 Qe8 22. f3 gxf3 23. gxf3 Bf8 24. Rd2 Nc4 25. Rg2 e5 26. dxe5 Nxe5 27. Qd1 d4 28. Ncd5 dxe3 29. b4 Nc4 30. g4 Qe5 31. gxf5+ Rg7 32. Ree2 Rd8 33. f6 Rg5 34. Qc2 Rd7 35. Qxc4 Rxd5 36. Qc2 Kf7 37. Nxd5 Bxd5 38. Rxg5 hxg5 39. Qg6+ Ke6 40. Qe8+ 1-0